00566nam a22001817a 450000500170000000800410001704000070005804100080006508200210007310000200009424500640011426000430017830000310022136500350025265000320028765000460031970000190036520221107115418.0221107b ||||| |||| 00| 0 eng d cAL aeng 223a328.36bMALD aG C Malhotra Ed aDiscipline and decorum in parliament and state legislatures aNew DelhibLok Sabha Secretariatc2003 axxviii,292p.bPBc28x21cm. 2Political Scienceb300.00c₹ aAddresses of the Conference aAdoption of the Closure of the Conference aMALHOTRA (G C)